| 000 | 00596nam a2200181 i 4500 | ||
|---|---|---|---|
| 001 | 35922 | ||
| 003 | ES-MaACL | ||
| 005 | 20230906155239.0 | ||
| 007 | t| | ||
| 008 | 030214s1960 sp ||||1| spa d | ||
| 100 | 1 |
_aBrodrick, James. _931860 |
|
| 245 | 1 | 0 |
_aSan Francisco Javier (1506-1552) / _cJames Brodrick ; traducción por María del Camino Huici de Redón. |
| 260 |
_aMadrid : _bEspasa-Calpe, _c1960. |
||
| 300 |
_a563 p., 8 lám. ; _c23 cm. |
||
| 600 | 0 | 4 |
_aFrancisco Javier _cSanto. _952196 |
| 700 | 1 |
_aHuici de Redón, María del Camino. _964661 |
|
| 852 |
_aES-MaACL _jC-17456 _bR.45618 |
||
| 999 |
_c35922 _d35922 |
||